000 02649nam a22003497a 4500
005 20091217112831.0
008 091214t xxu||||| |||| 00| 0 eng d
010 _aB-389991-390001
020 _a9788184772883
_c195.00
035 _aB-389991-390001
037 _bScholastic
040 _adpl
_bEnglish
082 _aS
100 _aSarma, Siddhartha
245 _aThe grasshopper's run /
_cby Siddhartha Sarma
260 _aGurgaon
_bScholastic India
_c2009(repr.)
270 _aGolf View Corporate Tower-A, 3rd Floor, DLF Phase, V.
_bGurgaon
_e122002
300 _a196p.
_c19cm(pbk)
942 _2ddc
_cCH
_mSAR
_hS
999 _c33084
_d33084